Gusttavo Lima - Balada letra - Statistics

Estatísticas Gerais
  • Esse quiz foi jogado 129 vezes
  • A pontuação média é 82 de 124
Estatísticas das Respostas
Resposta % Correto
é
96%
e
96%
o
93%
O
93%
balada
92%
Me
92%
me
92%
que
89%
89%
a
86%
liga
85%
você
83%
Eu
82%
Gata
82%
te
81%
79%
79%
mais
79%
som
79%
tarde
79%
carro
76%
meu
76%
tudo
74%
preparado
72%
lavei
69%
Quero
69%
quero
69%
tche
69%
Tche
69%
vem
69%
com
68%
na
68%
Dançar
67%
dançar
67%
bom
65%
curtir
65%
regulei
65%
Menina
64%
tem
63%
madrugada
60%
até
57%
sol
57%
pular
56%
raiar
56%
festa
54%
Gusttavo
54%
vontade
54%
fica
53%
Lima
51%
vou
51%
rolar
49%
vai
49%
hoje
47%
tcherere
46%
faça
44%
entre
43%
vamo
42%
nessa
39%
adorar
35%
brega
33%
Se
32%
pegar
19%
olhar
18%
querer
18%
depois
15%
namorar
15%
curtição
14%
Tchereretche
1%
tchereretche
1%
Nenhum quiz correspondente encontrado
Distribuição das Pontuações
Porcentagem de Pessoas com Cada Pontuação
Percentil de Números Respondidos
Sua Pontuação Histórica
Você não jogou esse quiz